Prístupy absolventov k podnikaniu v rodinných podnikoch
Predpoklady, pripravenosť i vzťah študentov k súčasnému podnikaniu v rodine a k perspektívnemu vlastnému podnikaniu ako formy samozamestnávania - analýza na základe dotazníkového prieskumu, uskutočnenému medzi dennými študentami EÚ v Bratislave, na Fakulte podnikového manažmentu, v rokoch 2011/2012...
Salvato in:
| Autore principale: | |
|---|---|
| Altri autori: | |
| Natura: | Capitolo di libro |
| Lingua: | slovacco |
| Soggetti: | |
| Tags: |
Nessun Tag, puoi essere il primo ad aggiungerne!!
|
MARC
| LEADER | 00000naa$a2200000$$$4500 | ||
|---|---|---|---|
| 001 | 0234667 | ||
| 005 | 20240527074319.3 | ||
| 041 | 0 | |a slo | |
| 044 | |a SK | ||
| 245 | 1 | 0 | |a Prístupy absolventov k podnikaniu v rodinných podnikoch |c Elena Šúbertová, Paulína Srovnalíková |
| 520 | |a Predpoklady, pripravenosť i vzťah študentov k súčasnému podnikaniu v rodine a k perspektívnemu vlastnému podnikaniu ako formy samozamestnávania - analýza na základe dotazníkového prieskumu, uskutočnenému medzi dennými študentami EÚ v Bratislave, na Fakulte podnikového manažmentu, v rokoch 2011/2012 až 2015/2016. | ||
| 610 | 2 | 0 | |a vysokoškoláci |
| 610 | 2 | 0 | |a podnikanie rodinné |
| 610 | 2 | 0 | |a podnikanie súkromné |
| 610 | 2 | 0 | |a samozamestnanosť |
| 610 | 2 | 0 | |a investori |
| 610 | 2 | 0 | |a Slovensko |
| 100 | 1 | |a Šúbertová, Elena | |
| 700 | 1 | |a Srovnalíková, Paulína | |